000 00721nam a22002177a 4500
003 UA-OsUOA
001 92534
007 ta
008 20121219b un ||||| |||| 00| 0 ukr d
100 _aГаврилюк О.В.
090 _a330(477)
_bГ12
942 _cSA
040 _aUA-OsUOA
_bukr
_cUA-OsUOA
_dUA-OsUOA
245 _aТеоретичні та методологічні підходи до вивчення сучасних глобальних регіональних тенденцій
300 _aС.7-16
955 _a0
041 _aukr
080 _a330(477)
773 0 _w92532
_tРегіональна економіка
_dЛьвів
_d2012
_g3
650 7 _a330 Економіка взагалі
_2UDC
999 _c378781
_d378781